[Event "ISR-chT 2020"]
[Site "Israel"]
[Date "2020.02.07"]
[Round "5.3"]
[White "Raznikov, Danny"]
[Black "Vydeslaver, Alik"]
[Result "1/2-1/2"]
[WhiteElo "2506"]
[BlackElo "2385"]
[Annotator "TA"]
[PlyCount "106"]
[EventDate "2020.01.10"]
[EventType "team-tourn"]
[EventCountry "ISR"]
[SourceTitle "playchess.com"]
[Source "ChessBase"]
[SourceQuality "1"]

{[%evp 14,106,36,35,33,18,47,15,17,12,54,50,50,49,43,32,35,42,44,0,-9,-2,13,2,18,12,35,0,0,0,15,15,15,15,15,15,15,15,15,16,15,15,33,30,18,23,68,68,75,66,75,61,63,35,31,31,32,33,33,39,36,28,99,52,50,52,69,45,56,50,72,50,79,18,19,0,0,0,0,0,0,0,0,0,0,0,0,0,0,0,0,-49,-46,-36,0]} 1. d4 d6 2. e4 Nf6 3. Nc3 e5 4. Nf3 Nbd7 5. Bc4 Be7 6. O-O O-O 7. Re1 {7.a4 might become the main line.} a6 8. a4 b6 {C41: Philidor Defence.} 9. b3 Bb7 10. Ba3 c6 {The position is equal.} 11. d5 Qc7 12. dxc6 Bxc6 13. Qd3 Bb7 14. Rad1 {[%cal Ra3d6]} Nc5 15. Bxc5 $1 Qxc5 16. Nd5 {[#]} (16. Re3 $14) 16... Bxd5 $146 ({Predecessor:} 16... Nxd5 17. Bxd5 Bxd5 18. Qxd5 Qxd5 19. Rxd5 Rfc8 20. c4 Rab8 21. Kf1 Rc6 22. Ke2 g6 {1-0 (55) Saucey,M (2366)-Weill,R (2227) St Chely d'Aubrac 2009}) 17. Bxd5 Ra7 18. c4 g6 19. Qd2 Kg7 20. b4 Qc7 21. Rc1 a5 22. b5 Nd7 23. Qc2 Nc5 24. Rcd1 Qc8 25. Nd2 Rc7 26. Nb1 Ne6 27. Nc3 Nd4 28. Qd3 Bf6 29. Ne2 Re7 30. Nxd4 exd4 31. Bc6 Qg4 32. g3 h5 33. Kg2 h4 $1 34. f4 Rh8 35. Qf3 Qxf3+ $1 36. Kxf3 hxg3 37. hxg3 Rh2 (37... Rc7 $11 {remains equal.}) 38. Re2 Rxe2 39. Kxe2 $14 {[%mdl 4096] Endgame KRB-KRB} Rc7 40. Kd3 Rc8 41. Re1 Rd8 42. e5 dxe5 {[#]} 43. fxe5 (43. c5 $1 $16 exf4 44. gxf4) 43... Be7 $1 $11 44. Bd5 Bc5 45. Rf1 Rd7 $1 46. Rf6 Re7 47. Ke4 d3 48. Kxd3 Rxe5 49. Rxf7+ Kh6 50. Be4 Rg5 51. Rf3 Kh5 52. Ke2 Re5 {[%mdl 1024] Black has compensation.} 53. Kd3 Rg5 {Accuracy: White = 79%, Black = 88%.} 1/2-1/2

[Event "ISR-chT 2020"]
[Site "Israel"]
[Date "2020.02.07"]
[Round "5.4"]
[White "Sidorenko, Ilya"]
[Black "Zanan, Evgeny"]
[Result "0-1"]
[WhiteElo "2400"]
[BlackElo "2503"]
[Annotator "TA"]
[PlyCount "118"]
[EventDate "2020.01.10"]
[EventType "team-tourn"]
[EventCountry "ISR"]
[SourceTitle "playchess.com"]
[Source "ChessBase"]
[SourceQuality "1"]

{[%evp 19,118,20,19,11,21,20,12,18,17,17,16,0,0,0,0,-3,0,0,0,0,0,0,-10,-18,-16,-10,-3,-21,-1,-8,0,-4,0,-2,-10,-11,-11,-16,11,0,38,-17,0,0,13,11,12,15,18,0,0,0,0,-24,0,-22,-24,-13,-10,-11,6,5,25,13,84,0,0,0,0,0,0,11,36,27,25,0,0,0,0,0,0,0,0,0,0,-5675,-4902,-5081,-5604,-29968,-29970,-4802,-6070,-29975,-29976,-29976,-29977,-29977,-29978,-29978,-29978]} 1. e4 c5 2. Nf3 d6 3. d4 cxd4 4. Nxd4 Nf6 5. Nc3 a6 6. g3 e5 7. Nb3 Be7 8. Bg2 O-O 9. a4 Be6 10. O-O Nbd7 {[%cal Bb8d7,Bd7c5,Bc5e6,Be6d4][%mdl 32]} 11. Re1 {B91: Sicilian Najdorf: 6 g3} Rc8 12. Nd2 Bg4 13. Bf3 {The position is equal.} Bxf3 14. Qxf3 Nc5 15. Nf1 Ne6 16. Ne3 Nd4 17. Qd1 Qd7 {[#]} 18. Ncd5 $146 ({Predecessor:} 18. Kg2 b5 19. axb5 axb5 20. Qd3 Qb7 21. f3 Rfd8 22. Bd2 b4 23. Ncd5 Nxd5 24. exd5 {1-0 (41) Bronnikov,K (2256)-Karpeshov,O (2384) Kazan 2012}) 18... Nxd5 $1 ({Don't play} 18... Nxe4 19. c3 $16) 19. exd5 Qh3 20. c3 Nf5 21. Qb3 (21. Nxf5 {is interesting.} Qxf5 22. a5 Rce8 23. Ra4 Bd8 24. Ra3) 21... Rc7 22. Nxf5 Qxf5 23. Be3 h5 24. Bb6 $36 {[%mdl 2048] White is pushing.} Rd7 25. c4 h4 26. Rad1 Rc8 27. Qc3 Qg4 28. b3 g6 29. Qd3 Kg7 30. Qe4 (30. f4 $14) 30... Qh3 31. Qg2 Qf5 32. g4 Qc2 33. Qf3 Bg5 34. Qd3 Qxd3 35. Rxd3 f5 36. f3 Bd8 37. Bf2 b5 38. cxb5 axb5 39. Ra1 b4 40. a5 e4 41. fxe4 fxe4 (41... Bf6 $11 42. Ra2 fxe4) 42. Bd4+ (42. Rdd1 $16) 42... Bf6 $11 43. Bxf6+ Kxf6 {[%mdl 4096] Endgame KRR-KRR} 44. Rd4 Ke5 45. Rxb4 Kxd5 46. a6 {Rc4! is the strong threat.} Ra7 47. Rd1+ Ke5 48. Rb5+ Rc5 49. Rxc5+ dxc5 {KR-KR} 50. Ra1 Kd4 51. Kf2 Kc3 52. Rc1+ $2 {[%mdl 8192] [#]} (52. Ke3 $11) 52... Kd2 $1 $19 53. Rxc5 e3+ 54. Kg2 Rxa6 55. Rd5+ Ke1 56. Kh3 Re6 {Black mates.} 57. Kxh4 e2 58. Ra5 Kf2 59. Ra2 Re5 {Accuracy: White = 81%, Black = 90%.} 0-1

[Event "ISR-chT 2020"]
[Site "Israel"]
[Date "2020.02.07"]
[Round "5.5"]
[White "Kobo, Ori"]
[Black "Klenburg, Michael"]
[Result "1-0"]
[WhiteElo "2445"]
[BlackElo "2357"]
[Annotator "TA"]
[PlyCount "85"]
[EventDate "2020.01.10"]
[EventType "team-tourn"]
[EventCountry "ISR"]
[SourceTitle "playchess.com"]
[Source "ChessBase"]
[SourceQuality "1"]

{[%evp 9,85,28,53,28,18,8,51,33,47,20,14,17,12,0,16,7,10,7,31,33,54,0,41,-11,-8,-1,0,0,2,0,27,35,30,46,61,62,74,66,66,56,100,111,97,112,101,108,209,215,210,208,204,0,64,0,215,143,259,62,82,0,275,270,375,349,621,603,631,639,634,372,389,393,829,833,817,786,931,915]} 1. Nf3 d5 2. g3 Nc6 3. d4 Bf5 4. Bg2 Qd7 5. O-O O-O-O 6. c4 {[#] Threatens to win with cxd5. D02: 1 d4 d5 2 Nf3 sidelines, including 2...Nf6 3 g3 and 2...Nf6 3 Bf4.} e6 7. Nc3 Nf6 8. Bg5 {cxd5 is the strong threat.White is slightly better.} Be7 {[#]} 9. Bxf6 $146 (9. cxd5 {seems wilder.} exd5 10. Rc1 Rhe8 11. Nb5 Kb8 12. Bf4) ({Predecessor:} 9. Rc1 Ne4 10. Bxe7 Qxe7 11. c5 e5 12. Nxe5 Nxe5 13. dxe5 Qxe5 14. Qa4 Nxc5 15. Qxa7 {0-1 (47) Guichard,P (2312)-Leconte,M (2174) Chartres 2017}) 9... Bxf6 10. cxd5 exd5 11. Rc1 Kb8 12. Na4 b6 13. Nc3 Be6 14. e3 g5 15. Qa4 (15. Ne1 $14) 15... Na5 16. Qxd7 ({White should try} 16. Qc2 $14) 16... Rxd7 $11 17. Rfd1 h6 18. Ne1 Be7 19. Nd3 $36 {[%mdl 2048] White has some pressure.} f6 20. b4 Nb7 21. a4 {[%cal Ba2a4,Ba4a5][%mdl 32]} a6 22. a5 b5 23. Ne2 Nd8 24. Rd2 Rd6 25. Nc5 Bc8 26. Nc3 c6 27. e4 dxe4 (27... g4 $16) 28. N3xe4 $18 Rd5 29. Nc3 Rd6 30. N3e4 ({White should play} 30. Re2 $18) 30... Rd5 $14 31. Nc3 $2 (31. Rd3 $14) 31... Rd6 $18 32. Re1 Rh7 (32... Bf8 $16) 33. N3e4 $2 (33. Rde2 $18) 33... Rd5 $14 34. Nc3 $2 (34. Rd3 $16) 34... Rd6 $18 35. Rde2 Bf8 36. Re8 Rf7 $2 (36... Bg7 37. R1e7 Rh8 38. Rxh8 Bxh8) 37. d5 f5 {Now ...Bg7 and Black clings on.} 38. dxc6 Bg7 39. R1e7 Rxe7 40. Rxe7 {White wants to mate with c7+.} Ne6 $2 {[#]} (40... Nxc6 41. Rxg7 Nxb4) 41. c7+ $1 {[%mdl 512] White is clearly winning.} Ka7 (41... Nxc7 42. Rxg7) 42. Nd5 Bd4 43. Nb6 {Accuracy: White = 72%, Black = 50%.} 1-0

[Event "ISR-chT 2020"]
[Site "Israel"]
[Date "2020.02.07"]
[Round "5.6"]
[White "Iliaguev, Nisim"]
[Black "Bronstein, Or"]
[Result "1-0"]
[WhiteElo "2289"]
[BlackElo "2428"]
[Annotator "TA"]
[PlyCount "115"]
[EventDate "2020.01.10"]
[EventType "team-tourn"]
[EventCountry "ISR"]
[SourceTitle "playchess.com"]
[Source "ChessBase"]
[SourceQuality "1"]

{[%evp 11,115,27,64,67,78,45,63,48,44,27,51,45,82,71,93,59,57,57,57,37,52,52,57,40,62,60,62,62,62,49,56,52,62,59,59,22,82,0,7,12,6,0,43,43,40,41,41,58,45,5,42,35,35,51,39,19,8,0,0,0,0,0,0,0,0,0,35,26,26,14,151,154,224,210,210,218,243,230,228,222,235,219,490,484,496,485,463,476,481,443,456,440,715,710,651,640,557,457,426,426,498,466,29989,29990,29990,29991]} 1. Nf3 g6 2. d4 Bg7 3. e4 d6 4. Bc4 Nf6 5. Nc3 O-O 6. O-O a6 7. e5 {B08: Pirc Defence: Classical System.} Ne8 8. Bg5 c6 9. Re1 {And now exd6 would win.White is slightly better.} d5 10. Bd3 {[#]} Nc7 $146 ({Predecessor:} 10... Bg4 11. h3 Bxf3 12. Qxf3 Nc7 13. Bh4 Ne6 14. Ne2 Nd7 15. Qg4 c5 16. c3 cxd4 17. cxd4 {1-0 (34) Comp Now-Christiansen,L (2560) The Hague 1997}) 11. h3 b6 12. Ne2 Ne6 13. Nf4 (13. Be3 {is interesting.} c5 14. c3 Nc6 15. h4 h5 16. Qd2) 13... c5 14. Nxe6 Bxe6 15. Qd2 Nc6 16. c3 Qd7 17. b4 c4 18. Bc2 Rae8 19. a4 Bf5 20. Rab1 Bxc2 21. Qxc2 b5 22. Ra1 Ra8 23. Ra2 Rfb8 (23... Qb7 $11 {keeps the balance.}) 24. Rea1 ({Better is} 24. Bf4 $16) 24... a5 $11 25. axb5 Rxb5 26. Nh2 f6 27. exf6 exf6 28. Bf4 Ra7 29. bxa5 Rbxa5 30. Ng4 g5 {Threatens to win with ...Rxa2.} 31. Rxa5 Rxa5 32. Rxa5 Nxa5 33. Qa2 {Black must now prevent Bxg5.} Nc6 $132 {[%mdl 2048] Black is not holding back} 34. Qa8+ Kf7 35. Bd2 f5 36. Nh2 f4 37. Nf3 h6 38. Bc1 Qe8 39. Qb7+ Kg6 40. Ba3 Bf6 {[#]} (40... Qe6 $11) 41. Bd6 $1 $16 Be7 (41... h5 $16 42. Qb1+ Kg7) 42. Bxe7 $18 Nxe7 43. Ne5+ Kf6 44. Qb6+ Kg7 45. Qe6 {Ng4 is the strong threat.} Qf8 46. Ng4 Kh7 $2 {[#]} (46... Ng6 47. Qxd5 Qf7 48. Qxf7+ Kxf7 49. Nxh6+ Ke6) 47. Nxh6 $1 {[%mdl 512]} f3 (47... Qxh6 48. Qxe7+) 48. Nf7 fxg2 49. Nxg5+ Kg7 50. Kxg2 Ng6 51. Qd7+ Kh6 (51... Qe7 $142 52. Qg4 Qf6) 52. Nf7+ Kh7 53. Ne5+ Ne7 54. Qg4 Qf6 55. Nd7 Qh6 56. f4 Qd6 (56... Kh8 $18 57. Ne5 Qf6) 57. Nf8+ Kh8 58. Ne6 {Accuracy: White = 88%, Black = 63%.} 1-0

[Event "ISR-chT 2020"]
[Site "Israel"]
[Date "2020.02.07"]
[Round "5.7"]
[White "Kuzubov, Yuriy"]
[Black "Emanuel, Yahav"]
[Result "1-0"]
[WhiteElo "2644"]
[BlackElo "2356"]
[Annotator "TA"]
[PlyCount "93"]
[EventDate "2020.01.10"]
[EventType "team-tourn"]
[EventCountry "ISR"]
[SourceTitle "playchess.com"]
[Source "ChessBase"]
[SourceQuality "1"]

{[%evp 14,93,4,4,10,14,0,0,0,0,37,46,56,31,57,10,83,58,80,49,41,44,31,24,32,33,34,49,51,39,62,62,56,56,79,79,77,79,106,115,113,112,115,120,229,215,202,189,139,95,94,94,94,95,156,94,94,94,229,229,283,283,465,465,29960,29961,29959,29959,29957,29960,29960,29961,29959,29960,29962,29962,29961,29962,29962,29960,29954,12363]} 1. Nf3 Nf6 2. g3 d5 3. Bg2 c5 4. O-O g6 5. c4 Bg7 6. cxd5 Nxd5 7. Qa4+ Nc6 8. Nc3 O-O {A34: Symmetrical English: 2 Nc3, lines with ...d5} 9. Qc4 Nxc3 10. dxc3 b6 {The position is equal.} 11. Ng5 Qc7 12. Qh4 {[%csl Gg5][%cal Rh4h7]} h6 13. Nf3 {[#]} h5 $146 ({Predecessor:} 13... g5 14. Bxg5 hxg5 15. Nxg5 Bf5 16. e4 Bg6 17. f4 f6 18. Ne6 Qd7 19. Qg4 Nd8 {½-½ (116) Hertneck,G (2445)-Miles,A (2610) Dortmund 1986}) 14. h3 Bb7 (14... Ba6 $11) 15. g4 $1 $16 Ne5 16. Nxe5 Bf6 17. Bg5 {Black must now prevent Bxb7.} Bxg2 18. Nxg6 fxg6 (18... Bxf1 19. Nxe7+ Bxe7 20. Bxe7 $16) 19. Kxg2 Qe5 20. Bxf6 Rxf6 21. gxh5 $40 {[%mdl 128] White mounts an attack.} Qxe2 22. Rae1 $1 {[%cal Re1e2]} Qf3+ 23. Kh2 Qxh5 24. Qxh5 gxh5 25. Rxe7 $14 {[%mdl 4096] Endgame KRR-KRR} Raf8 26. Rg1+ ({Don't do} 26. Rxa7 Rxf2+ 27. Rxf2 Rxf2+ 28. Kg3 Rxb2 $11) 26... Kh8 27. Rxa7 Rxf2+ 28. Rg2 Rxg2+ (28... R2f4 $16 29. a4 R8f6) 29. Kxg2 $16 {KR-KR} Rd8 30. Kg3 Rd2 31. b3 {Hoping for c4.} Rd3+ 32. Kh4 {Threatens to win with c4.} Rxc3 33. Rb7 Rc2 (33... c4 $142) 34. a3 ({Resist} 34. Rxb6 $6 Rxa2 35. Kxh5 Kg7 $14) (34. a4 $142) 34... c4 35. Rxb6 Rc3 (35... Kg7 $16 {was necessary.}) 36. bxc4 $18 ({Stronger than} 36. Kxh5 Rxh3+ 37. Kg5 Rxb3 $11) 36... Rxc4+ 37. Kxh5 Rc3 $2 (37... Kg7 38. Ra6 Rc5+ 39. Kh4 Rc4+ 40. Kh5 Rc5+ 41. Kh4 Rc4+ 42. Kh5) 38. a4 Rxh3+ (38... Kh7 $18 39. Ra6 Rxh3+ 40. Kg5 Rh2) 39. Kg6 {[%cal Rb6b8] White mates.} Rg3+ 40. Kf7 {[%cal Rb6h6]} Rg7+ 41. Kf8 Rg8+ 42. Ke7 $1 Ra8 43. Rb4 Kg7 {[#]} 44. Rg4+ $1 Kh6 45. Kd6 Kh5 46. Rc4 Kg6 {[#]} 47. Kc7 $1 {Accuracy: White = 86%, Black = 60%.} 1-0

[Event "ISR-chT 2020"]
[Site "Israel"]
[Date "2020.02.07"]
[Round "5.8"]
[White "Ben-Menachem, Itzhak"]
[Black "Galburd, Yan"]
[Result "1/2-1/2"]
[WhiteElo "2316"]
[BlackElo "2450"]
[Annotator "TA"]
[PlyCount "75"]
[EventDate "2020.01.10"]
[EventType "team-tourn"]
[EventCountry "ISR"]
[SourceTitle "playchess.com"]
[Source "ChessBase"]
[SourceQuality "1"]

{[%evp 16,75,45,39,28,20,41,34,16,7,22,9,0,0,40,43,28,0,0,0,0,-13,-18,-21,-34,-48,-20,-24,-20,-16,-26,-45,-35,-27,-7,-6,0,0,0,-15,0,-25,0,-10,0,-14,-5,-35,-12,-20,-11,-11,0,-1,0,-465,0,0,0,0,0,0]} 1. d4 d5 2. Nf3 c5 3. c4 e6 4. cxd5 exd5 5. Nc3 Nc6 6. g3 Nf6 7. Bg2 cxd4 8. Nxd4 Bc5 $1 {[%mdl 4] 8...Bc5 is better than 8...Be7.} 9. Nb3 Bb6 {D33: Tarrasch Defence: 6 g3 sidelines.} 10. O-O d4 11. Na4 $1 O-O {White is slightly better.} 12. Nxb6 axb6 13. Bxc6 bxc6 14. Qxd4 {[#]} c5 $146 ({Predecessor:} 14... Qc7 15. Bf4 Qb7 16. f3 c5 17. Qf2 Nd5 18. Bd2 f5 19. Nc1 Qc6 20. Nd3 Ba6 {½-½ (31) Malakhatko,V (2505)-Tukhaev,A (2527) Mumbai 2019}) 15. Qxd8 Rxd8 16. Bf4 Be6 17. Bc7 Rdc8 $1 {[%cal Rc8c7]} 18. Be5 ({Of course not} 18. Bxb6 Nd7 $17) 18... Nd5 19. Nc1 f6 20. Bf4 Nxf4 21. gxf4 Rd8 22. b3 Rd2 23. Re1 Kf7 24. f3 b5 25. Kf2 c4 26. bxc4 Bxc4 27. Rb1 Ra3 28. Rb4 Ke8 29. h4 g6 30. Rh1 Kd7 31. Ke1 Rc2 {[%mdl 1024] Black has compensation.} 32. Kd1 Rac3 33. Rb1 Kc6 34. a3 Kd5 35. h5 $2 {[%mdl 8192] [#]} (35. Rh2 $1 $11 {and White stays safe.} Kd6 36. h5) 35... g5 $2 ({Black should try} 35... Kd4 $19 {aiming for ...Ke3!} 36. e3+ {[%mdl 64] Decoy} Kxe3 {[%mdl 64] Double Attack} 37. Re1+ Kxf3) 36. fxg5 $11 {The position is equal.} fxg5 {White should prevent ...Kd4.} 37. Rg1 h6 38. Rg4 {Accuracy: White = 85%, Black = 87%.} 1/2-1/2

[Event "ISR-chT 2020"]
[Site "Israel"]
[Date "2020.02.07"]
[Round "5.9"]
[White "Gorodetzky, David"]
[Black "Lev, Ronen"]
[Result "1-0"]
[WhiteElo "2486"]
[BlackElo "2342"]
[Annotator "TA"]
[PlyCount "79"]
[EventDate "2020.01.10"]
[EventType "team-tourn"]
[EventCountry "ISR"]
[SourceTitle "playchess.com"]
[Source "ChessBase"]
[SourceQuality "1"]

{[%evp 12,79,39,26,44,50,46,45,47,41,57,48,48,48,48,43,45,49,41,43,47,35,41,47,44,37,60,40,72,60,69,79,68,64,77,69,68,58,83,68,108,85,85,73,161,161,161,167,167,160,161,162,171,162,317,320,388,388,388,388,375,381,343,331,397,381,2052,1954,1846,1473]} 1. d4 d5 2. c4 dxc4 3. e4 c5 4. d5 e6 5. Bxc4 Nf6 6. Nc3 exd5 7. Nxd5 Be7 {D20: Queen's Gambit Accepted: 3 e3 and 3 e4.} 8. Nxf6+ Bxf6 9. Qxd8+ Bxd8 {White is slightly better.} 10. Be3 Be7 {[#]} 11. f4 $146 ({Predecessor:} 11. Rc1 Nd7 12. Nf3 O-O 13. O-O Nb6 14. Bb3 c4 15. Bxc4 Nxc4 16. Rxc4 b6 17. Rfc1 {1-0 (38) Toth,P-Mirkovic,S Yugoslavia 2000}) 11... Be6 12. Bxe6 fxe6 13. Nf3 Nc6 14. Ke2 b6 15. Rac1 O-O-O 16. h4 Bf6 17. e5 Be7 18. a3 Kb7 19. Rc3 Rd7 20. Rd3 $36 {[%mdl 2048] White has some pressure.} Rhd8 21. Rxd7+ Rxd7 22. g4 Bd8 23. Rg1 Rd5 24. h5 Kc8 25. Rc1 Kb7 26. Nd2 Be7 27. Kf3 b5 (27... Nd4+ $16 28. Bxd4 Rxd4) 28. Ne4 $18 c4 29. Nc3 Rd3 30. Nxb5 Rb3 31. Nd6+ Bxd6 32. exd6 Rxb2 $2 {[#]} (32... Kc8 33. Rxc4 Kd7) 33. Rxc4 {[%mdl 4096] Endgame KRB-KRN} Rb3 34. Ke4 Rb5 35. f5 exf5+ 36. gxf5 Re5+ 37. Kf4 Rd5 38. Bc5 Ne5 $2 {[#]} (38... Kc8 39. h6 gxh6) 39. Ke4 Kc6 40. Rc3 {Accuracy: White = 100%, Black = 64%.} 1-0

[Event "ISR-chT 2020"]
[Site "Israel"]
[Date "2020.02.07"]
[Round "5.10"]
[White "Erenberg, Shlomy"]
[Black "Veinberg, Nimrod"]
[Result "0-1"]
[WhiteElo "2145"]
[BlackElo "2402"]
[Annotator "TA"]
[PlyCount "82"]
[EventDate "2020.01.10"]
[EventType "team-tourn"]
[EventCountry "ISR"]
[SourceTitle "playchess.com"]
[Source "ChessBase"]
[SourceQuality "1"]

{[%evp 20,82,5,6,4,8,6,-12,-16,-14,0,0,0,0,0,0,0,0,0,0,0,0,0,0,0,0,14,-5,15,14,14,14,12,15,24,15,26,7,10,0,0,0,0,0,0,0,0,0,0,0,0,0,0,0,0,0,0,0,0,-456,-455,-454,-447,-432,-418]} 1. d4 Nf6 2. c4 e6 3. Nf3 d5 4. Nc3 c6 5. e3 Nbd7 6. Qc2 Bd6 7. b3 O-O 8. Be2 b6 9. O-O Bb7 10. Bb2 Qe7 11. Rfd1 Rfd8 {D45: Semi-Slav: 5 e3} 12. Rac1 Rac8 13. e4 dxe4 {The position is equal.} 14. Nxe4 {[#]} Bf4 $146 ({Predecessor:} 14... Nxe4 15. Qxe4 Nf6 16. Qh4 c5 17. Ne5 cxd4 18. Qxd4 Qc7 19. Bd3 Ba3 20. Qc3 Bxb2 21. Qxb2 Nh5 22. Bf1 f6 23. Kh1 {½-½ (23) Raykin,L (2615)-Branding,G (2601) ICCF email 2004}) 15. Ra1 c5 16. Nxf6+ Nxf6 17. dxc5 Qxc5 18. Rxd8+ Rxd8 19. Rd1 Rd6 20. g3 Be4 ({Don't blunder} 20... Ng4 $2 21. Bd4 $18) 21. Rxd6 Bxd6 (21... Bxc2 $2 {perishes.} 22. Rd8+ Qf8 23. Rxf8+ Kxf8 24. gxf4 $18) 22. Qd2 Bb7 ({Much worse is} 22... Ng4 $6 23. Bd4 $16) 23. Qg5 e5 24. Nxe5 Qxf2+ $1 {[%mdl 64] [#] Decoy} 25. Kxf2 Ne4+ {[%mdl 64] Double Attack} 26. Ke3 {Qd8+ would kill now.} Nxg5 27. Nd3 f6 28. Bg4 Kf7 29. Bc3 g6 30. b4 {[%cal Bb3b4,Bb4b5][%mdl 32]} Ba6 31. b5 Bb7 32. a4 h5 33. Be2 h4 34. gxh4 Ne4 35. Be1 Bxh2 36. Bf3 f5 37. a5 bxa5 38. Bxa5 Nd6 39. c5 $2 {[%mdl 8192]} (39. Nb2 $11 {and White is okay.}) 39... Nc4+ $19 {[%mdl 64] [#] Double Attack. Black is clearly winning.} 40. Kd4 Nxa5 41. c6 Bc8 {Accuracy: White = 96%, Black = 100%.} 0-1

[Event "ISR-chT 2020"]
[Site "Israel"]
[Date "2020.02.07"]
[Round "5.11"]
[White "Parkhov, Yair"]
[Black "Sherf, Roni"]
[Result "1-0"]
[WhiteElo "2370"]
[BlackElo "2140"]
[Annotator "TA"]
[PlyCount "85"]
[EventDate "2020.01.10"]
[EventType "team-tourn"]
[EventCountry "ISR"]
[SourceTitle "playchess.com"]
[Source "ChessBase"]
[SourceQuality "1"]

{[%evp 15,85,47,66,53,75,70,92,75,95,43,59,43,34,43,58,62,46,7,67,78,57,-35,58,51,100,100,104,104,91,85,78,76,76,74,104,102,102,77,103,98,118,116,127,122,119,105,105,105,136,136,142,132,158,158,260,252,247,239,375,357,440,445,622,597,937,924,980,979,916,898,1889,1073]} 1. Nf3 e6 2. g3 f5 3. Bg2 Nf6 4. O-O Be7 5. b3 O-O 6. Bb2 d6 7. d4 Qe8 8. c4 Nbd7 9. Nc3 {A96: Classical Dutch: Fluid Systems: Early deviations.} Bd8 10. Qc2 Qh5 {[#]} 11. Rfe1 $146 {White is better.} ({Predecessor:} 11. e4 f4 12. gxf4 Qg4 13. h3 Qg6 14. f5 exf5 15. exf5 Qh5 16. Ne2 Nb8 17. Ng3 {1-0 (24) Balje,J (2219)-Krosenbrink,M (1894) Vlissingen 2016}) 11... e5 12. dxe5 (12. e4 $16) 12... dxe5 13. Ba3 Re8 14. e4 f4 15. gxf4 exf4 16. Qd2 (16. Ne2 $5 {[%cal Re2f4]}) 16... Ne5 (16... c6 $1 $11) 17. Nxe5 $14 ({But not} 17. Qxf4 Nd3 $15) 17... Qxe5 18. Nd5 ({White should play} 18. Ne2 $1 $14) 18... c6 (18... Nh5 $1 $15) 19. Bb2 Qh5 20. Nxf6+ $1 Bxf6 21. Bxf6 f3 22. Qg5 Qxg5 23. Bxg5 fxg2 24. Kxg2 h6 25. Bf4 Be6 26. Bd6 Rad8 27. Rad1 Kf7 28. c5 Rd7 29. f4 {Black must now prevent f5.} g6 30. h4 h5 31. Rd4 Bg4 32. Kf2 Red8 33. Ke3 b5 {[#]} 34. a4 $1 {[%cal Ba2a4,Ba4b5][%mdl 32] Threatens to win with axb5.} a6 (34... Rb7 $16 35. b4 bxa4) 35. Ra1 Rb7 {[#]} 36. axb5 $1 axb5 (36... Rxb5 $142 37. b4 (37. Rxa6 Rxb3+ 38. Rd3 Rxd3+ 39. Kxd3 Bd7 $18) 37... Bc8) 37. Ra6 $18 Bd7 38. Be5 {White is clearly winning.} Re8 39. Rb6 Ra7 40. Bb8 Rxb8 41. Rxb8 Be6 42. Rd6 Ra3 43. Kd4 {Accuracy: White = 83%, Black = 45%.} 1-0

[Event "ISR-chT 2020"]
[Site "Israel"]
[Date "2020.02.07"]
[Round "5.12"]
[White "Cnaan, Moshe"]
[Black "Zlatin, Alexander"]
[Result "1/2-1/2"]
[WhiteElo "1962"]
[BlackElo "2310"]
[Annotator "TA"]
[PlyCount "33"]
[EventDate "2020.01.10"]
[EventType "team-tourn"]
[EventCountry "ISR"]
[SourceTitle "playchess.com"]
[Source "ChessBase"]
[SourceQuality "1"]

{[%evp 15,33,6,6,0,30,31,32,26,44,17,39,15,22,6,35,50,43,49,51,46]} 1. Nf3 Nf6 2. g3 d6 3. d4 g6 4. b3 Bg7 5. Bb2 b5 6. Bg2 Bb7 7. O-O O-O 8. Nbd2 Nbd7 9. c4 {A49: 1 d4 Nf6 2 Nf3 g6 3 g3: Anti-King's Indian systems} b4 10. Qc2 c5 11. d5 {[#]} a5 $146 ({Predecessor:} 11... e5 12. dxe6 fxe6 13. Ng5 Bxg2 14. Nxe6 Qe8 15. Nxf8 Bxf1 16. Nxd7 Qxd7 17. Nxf1 Rf8 {1-0 (22) Klitgaard,E (1914)-Skjolingstad,S (1509) Helsingor 2016}) 12. Rab1 Nb6 13. Ne1 a4 14. Nd3 axb3 15. axb3 {White is slightly better.} Ne8 16. Ra1 Rxa1 17. Rxa1 {Accuracy: White = 85%, Black = 70%.} 1/2-1/2